<?xml version="1.0" encoding="UTF-8"?>
<record
    xmlns:xsi="http://www.w3.org/2001/XMLSchema-instance"
    xsi:schemaLocation="http://www.loc.gov/MARC21/slim http://www.loc.gov/standards/marcxml/schema/MARC21slim.xsd"
    xmlns="http://www.loc.gov/MARC21/slim">

  <leader>00383nam a2200145Ia 4500</leader>
  <controlfield tag="008">230411s9999    xx            000 0 und d</controlfield>
  <datafield tag="020" ind1=" " ind2=" ">
    <subfield code="a">978-81-7739-428-3</subfield>
  </datafield>
  <datafield tag="041" ind1=" " ind2=" ">
    <subfield code="a">eng</subfield>
  </datafield>
  <datafield tag="082" ind1=" " ind2=" ">
    <subfield code="a">C/004/SOO/B09253</subfield>
  </datafield>
  <datafield tag="100" ind1=" " ind2=" ">
    <subfield code="a">Sood Ranju</subfield>
    <subfield code="9">180026</subfield>
  </datafield>
  <datafield tag="245" ind1=" " ind2=" ">
    <subfield code="a">Computer for Nurses</subfield>
  </datafield>
  <datafield tag="260" ind1=" " ind2=" ">
    <subfield code="b">Avichal Publishiing Company</subfield>
    <subfield code="a">New Delhi</subfield>
    <subfield code="c">2017</subfield>
  </datafield>
  <datafield tag="300" ind1=" " ind2=" ">
    <subfield code="a">152p</subfield>
  </datafield>
  <datafield tag="999" ind1=" " ind2=" ">
    <subfield code="c">158447</subfield>
    <subfield code="d">158447</subfield>
  </datafield>
  <datafield tag="952" ind1=" " ind2=" ">
    <subfield code="0">0</subfield>
    <subfield code="1">0</subfield>
    <subfield code="4">0</subfield>
    <subfield code="7">3</subfield>
    <subfield code="8">C</subfield>
    <subfield code="a">BTIN</subfield>
    <subfield code="b">BTIN</subfield>
    <subfield code="d">2019-12-06</subfield>
    <subfield code="e">Patil Medical Book House</subfield>
    <subfield code="g">250.00</subfield>
    <subfield code="i">1601</subfield>
    <subfield code="o">C 004 SOO B09253</subfield>
    <subfield code="p">BTIN-BK-9253</subfield>
    <subfield code="r">2023-04-11 00:00:00</subfield>
    <subfield code="v">187.50</subfield>
    <subfield code="w">2019-06-15</subfield>
    <subfield code="y">BK</subfield>
    <subfield code="z">B09253</subfield>
  </datafield>
  <datafield tag="952" ind1=" " ind2=" ">
    <subfield code="0">0</subfield>
    <subfield code="1">0</subfield>
    <subfield code="4">0</subfield>
    <subfield code="7">0</subfield>
    <subfield code="8">C</subfield>
    <subfield code="a">BTIN</subfield>
    <subfield code="b">BTIN</subfield>
    <subfield code="d">2019-12-06</subfield>
    <subfield code="e">Patil Medical Book House</subfield>
    <subfield code="g">250.00</subfield>
    <subfield code="i">1601</subfield>
    <subfield code="l">0</subfield>
    <subfield code="o">C 004 SOO B09254</subfield>
    <subfield code="p">BTIN-BK-9254</subfield>
    <subfield code="r">2023-04-11 00:00:00</subfield>
    <subfield code="v">187.50</subfield>
    <subfield code="w">2019-06-15</subfield>
    <subfield code="y">BK</subfield>
    <subfield code="z">B09254</subfield>
  </datafield>
  <datafield tag="952" ind1=" " ind2=" ">
    <subfield code="0">0</subfield>
    <subfield code="1">0</subfield>
    <subfield code="4">0</subfield>
    <subfield code="7">0</subfield>
    <subfield code="8">C</subfield>
    <subfield code="a">BTIN</subfield>
    <subfield code="b">BTIN</subfield>
    <subfield code="d">2019-12-06</subfield>
    <subfield code="e">Patil Medical Book House</subfield>
    <subfield code="g">250.00</subfield>
    <subfield code="i">1601</subfield>
    <subfield code="l">0</subfield>
    <subfield code="o">C 004 SOO B09255</subfield>
    <subfield code="p">BTIN-BK-9255</subfield>
    <subfield code="r">2023-04-11 00:00:00</subfield>
    <subfield code="v">187.50</subfield>
    <subfield code="w">2019-06-15</subfield>
    <subfield code="y">BK</subfield>
    <subfield code="z">B09255</subfield>
  </datafield>
  <datafield tag="952" ind1=" " ind2=" ">
    <subfield code="0">0</subfield>
    <subfield code="1">0</subfield>
    <subfield code="4">0</subfield>
    <subfield code="7">0</subfield>
    <subfield code="8">C</subfield>
    <subfield code="a">BTIN</subfield>
    <subfield code="b">BTIN</subfield>
    <subfield code="d">2019-12-06</subfield>
    <subfield code="e">Patil Medical Book House</subfield>
    <subfield code="g">250.00</subfield>
    <subfield code="i">1601</subfield>
    <subfield code="l">0</subfield>
    <subfield code="o">C 004 SOO B09256</subfield>
    <subfield code="p">BTIN-BK-9256</subfield>
    <subfield code="r">2023-04-11 00:00:00</subfield>
    <subfield code="v">187.50</subfield>
    <subfield code="w">2019-06-15</subfield>
    <subfield code="y">BK</subfield>
    <subfield code="z">B09256</subfield>
  </datafield>
  <datafield tag="952" ind1=" " ind2=" ">
    <subfield code="0">0</subfield>
    <subfield code="1">0</subfield>
    <subfield code="4">0</subfield>
    <subfield code="7">0</subfield>
    <subfield code="8">C</subfield>
    <subfield code="a">BTIN</subfield>
    <subfield code="b">BTIN</subfield>
    <subfield code="d">2019-12-06</subfield>
    <subfield code="e">Patil Medical Book House</subfield>
    <subfield code="g">250.00</subfield>
    <subfield code="i">1601</subfield>
    <subfield code="l">0</subfield>
    <subfield code="o">C 004 SOO B09257</subfield>
    <subfield code="p">BTIN-BK-9257</subfield>
    <subfield code="r">2023-04-11 00:00:00</subfield>
    <subfield code="v">187.50</subfield>
    <subfield code="w">2019-06-15</subfield>
    <subfield code="y">BK</subfield>
    <subfield code="z">B09257</subfield>
  </datafield>
</record>
